000 01036nam0a2200325 4500
001 RU\NLR\BIBL_A\012081764
005 20190902155632.0
010 _a978-5-00149-087-6
_986
021 _aRU
_bКН-П-19-053277
_9КН-П-19-3844
035 _a(NLR Aleph) 012081764
035 _a(RuMoRGB)010044231
090 _a11806969
_c11806969
100 _a20190827d2019 c y0rusy50 ca
101 0 _arus
102 _aRU
105 _a |||z|||000 y
200 1 _aТаинственное исчезновение
_fТаша Петушкова
_gиллюстрации: Полина Лопина
205 _a2-е изд.
210 _aМосква
_cЭдитус
_d2019
215 _a74, [5] с.
_cцв. ил.
_d22
333 _a0+
686 0 _aШ9(2)60=Р7-2
700 1 _aПетушкова
_bТ.
_gТаша
702 1 _aЛопина
_bП.
_gПолина
_4440
942 _cBOOK
980 _aNBR
980 _aNB